<?xml version="1.0" encoding="UTF-8"?>
<record
    xmlns:xsi="http://www.w3.org/2001/XMLSchema-instance"
    xsi:schemaLocation="http://www.loc.gov/MARC21/slim http://www.loc.gov/standards/marcxml/schema/MARC21slim.xsd"
    xmlns="http://www.loc.gov/MARC21/slim">

  <leader>01309nam a2200229Ia 4500</leader>
  <datafield tag="952" ind1=" " ind2=" ">
    <subfield code="0">0</subfield>
    <subfield code="1">0</subfield>
    <subfield code="4">0</subfield>
    <subfield code="7">0</subfield>
    <subfield code="a">04</subfield>
    <subfield code="b">04</subfield>
    <subfield code="d">2008-07-15</subfield>
    <subfield code="l">2</subfield>
    <subfield code="o">KGF1370 L85 2007</subfield>
    <subfield code="p">04 001004</subfield>
    <subfield code="r">2015-11-06</subfield>
    <subfield code="s">2015-10-15</subfield>
    <subfield code="t">1</subfield>
    <subfield code="w">2012-06-24</subfield>
    <subfield code="y">LB</subfield>
  </datafield>
  <datafield tag="999" ind1=" " ind2=" ">
    <subfield code="c">62108</subfield>
    <subfield code="d">62108</subfield>
  </datafield>
  <controlfield tag="008">120625s2007    mx      rl    001 0 spa d</controlfield>
  <datafield tag="020" ind1=" " ind2=" ">
    <subfield code="a">9789708111508</subfield>
  </datafield>
  <datafield tag="050" ind1=" " ind2="4">
    <subfield code="a">KGF1370</subfield>
    <subfield code="b"> L85 2007</subfield>
  </datafield>
  <datafield tag="100" ind1="1" ind2=" ">
    <subfield code="a">Luna Guerra, Antonio </subfield>
    <subfield code="e"> , autor </subfield>
  </datafield>
  <datafield tag="245" ind1="1" ind2="0">
    <subfield code="a">R&#xE9;gimen legal y fiscal de las sociedades coperativas 2008 </subfield>
    <subfield code="b"> : Estudio pr&#xE1;ctico del r&#xE9;gimen legal y los aspectos fiscales relevantes </subfield>
    <subfield code="c"> / Antonio Luna Guerra </subfield>
  </datafield>
  <datafield tag="250" ind1=" " ind2=" ">
    <subfield code="a">6a. edici&#xF3;n </subfield>
  </datafield>
  <datafield tag="260" ind1=" " ind2=" ">
    <subfield code="a">M&#xE9;xico</subfield>
    <subfield code="b"> : ISEF</subfield>
    <subfield code="c"> , 2007 </subfield>
  </datafield>
  <datafield tag="300" ind1=" " ind2=" ">
    <subfield code="a">211 p&#xE1;ginas </subfield>
    <subfield code="c"> ; 21 cm. </subfield>
  </datafield>
  <datafield tag="500" ind1=" " ind2=" ">
    <subfield code="a">Primera edici&#xF3;n Febrero de 2002
</subfield>
  </datafield>
  <datafield tag="500" ind1=" " ind2=" ">
    <subfield code="a">"Contiene informaci&#xF3;n publicada en el D.O.F hasta el 5 de diciembre de 2007"</subfield>
  </datafield>
  <datafield tag="500" ind1=" " ind2=" ">
    <subfield code="a">En portada: Incluye Aplicaci&#xF3;n del IETU y del IDE </subfield>
  </datafield>
  <datafield tag="505" ind1="0" ind2=" ">
    <subfield code="a">Disposiciones generales aplicables a las sociedades cooperativas 
Constituci&#xF3;n y registro 
Distintas clases y categorias de sociedades cooperativas 
Del funcionamiento y administraci&#xF3;n 
R&#xE9;gimen econ&#xF3;mico 
De los socios 
Disoluci&#xF3;n, liquidaci&#xF3;n y fusi&#xF3;n 
Organismos e instituciones de asistencia t&#xE9;cnica al movimiento cooperativo nacional 
Otras disposiciones </subfield>
  </datafield>
  <datafield tag="519" ind1=" " ind2=" ">
    <subfield code="a">Material Complementario / </subfield>
    <subfield code="d">(04 001004)</subfield>
  </datafield>
  <datafield tag="650" ind1=" " ind2="4">
    <subfield code="a">SOCIEDADES COOPERATIVAS </subfield>
    <subfield code="v">LEYES Y LEGISLACI&#xD3;N </subfield>
    <subfield code="z">M&#xC9;XICO </subfield>
  </datafield>
  <datafield tag="650" ind1=" " ind2="4">
    <subfield code="a">DERECHO DE SOCIEDADES </subfield>
    <subfield code="z">M&#xC9;XICO </subfield>
  </datafield>
  <datafield tag="942" ind1=" " ind2=" ">
    <subfield code="c">LB</subfield>
  </datafield>
</record>
